[Event "Mittelfranken-chTB2a 1819"]
[Site "Mittelfranken"]
[Date "2019.03.17"]
[Round "7.8"]
[White "Heinz, Manfred"]
[Black "Classen, Jakob"]
[Result "1-0"]
[WhiteElo "1783"]
[BlackElo "1702"]
[PlyCount "79"]
[EventDate "2018.10.14"]
[EventType "team-tourn"]
[EventRounds "9"]
[EventCountry "GER"]
[SourceTitle "EXT 2022"]
[Source "ChessBase"]
[SourceDate "2021.10.06"]
[SourceVersion "1"]
[SourceVersionDate "2021.10.06"]
[SourceQuality "1"]
[WhiteTeam "Heilsbronn"]
[BlackTeam "Buechenbach/Roth II"]
[WhiteTeamCountry "GER"]
[BlackTeamCountry "GER"]

1. Nf3 d5 2. g3 e6 3. Bg2 Bd6 4. c4 c6 5. d4 Nf6 6. 0-0 Nbd7 7. Nc3 0-0 8. Qc2 Qe7 9. e4 dxe4 10. Nxe4 Nxe4 11. Qxe4 f5 12. Qe2 f4 13. Re1 fxg3 14. hxg3 Nf6 15. Ne5 Nd7 16. Nd3 Nf6 17. Bg5 h6 18. Bd2 Bd7 19. Ne5 Bxe5 20. dxe5 Nh7 21. Bc3 Ng5 22. Rad1 Be8 23. a3 Bg6 24. f4 Nh7 25. Bb4 c5 26. Ba5 Rab8 27. Rd6 b6 28. Bc3 Rfd8 29. Red1 Nf8 30. Bc6 Be8 31. Bf3 Bg6 32. Qe3 Bf5 33. g4 Bg6 34. b4 Rdc8 35. R1d2 Qe8 36. f5 exf5 37. e6 Qe7 38. Qe5 cxb4 39. Rd7 Nxd7 40. Rxd7 1-0

[Event "Mittelfranken-chTB2a 1516"]
[Site "Mittelfranken"]
[Date "2016.04.17"]
[Round "9.8"]
[White "Classen, Jakob"]
[Black "Heinz, Manfred"]
[Result "1/2-1/2"]
[WhiteElo "1702"]
[BlackElo "1728"]
[PlyCount "49"]
[EventDate "2015.10.18"]
[EventType "team-tourn"]
[EventRounds "9"]
[EventCountry "GER"]
[SourceTitle "EXT 2020"]
[Source "ChessBase"]
[SourceDate "2019.10.17"]
[SourceVersion "1"]
[SourceVersionDate "2019.10.17"]
[SourceQuality "1"]
[WhiteTeam "Buechenbach/Roth II"]
[BlackTeam "Heilsbronn"]
[WhiteTeamCountry "GER"]
[BlackTeamCountry "GER"]

1. d4 Nf6 2. Nf3 g6 3. e3 Bg7 4. Bd3 c5 5. c3 0-0 6. Nbd2 d5 7. 0-0 Nbd7 8. e4 dxe4 9. Nxe4 Nxe4 10. Bxe4 e5 11. dxe5 Nxe5 12. Qb3 Qc7 13. Bg5 Rb8 14. Rfe1 Be6 15. Qc2 Nxf3+ 16. Bxf3 b5 17. a3 a5 18. Qd2 Rbc8 19. h4 Qb6 20. h5 b4 21. hxg6 hxg6 22. axb4 axb4 23. cxb4 Qxb4 24. Qxb4 cxb4 25. Be7 1/2-1/2

[Event "Mittelfranken-chTB2a 1415"]
[Site "Mittelfranken"]
[Date "2015.04.19"]
[Round "9.8"]
[White "Lehmann, Tornalf"]
[Black "Classen, Jakob"]
[Result "1/2-1/2"]
[WhiteElo "1570"]
[BlackElo "1702"]
[PlyCount "48"]
[EventDate "2014.09.28"]
[EventType "team-tourn"]
[EventRounds "9"]
[EventCountry "GER"]
[SourceTitle "EXT 2020"]
[Source "ChessBase"]
[SourceDate "2019.10.17"]
[SourceVersion "1"]
[SourceVersionDate "2019.10.17"]
[SourceQuality "1"]
[WhiteTeam "Heilsbronn"]
[BlackTeam "Buechenbach/Roth II"]
[WhiteTeamCountry "GER"]
[BlackTeamCountry "GER"]

1. e4 Nf6 2. e5 Nd5 3. d4 d6 4. c4 Nb6 5. f4 dxe5 6. fxe5 Nc6 7. Be3 Bf5 8. Nc3 e6 9. Nf3 Bg4 10. Be2 Bb4 11. 0-0 Qd7 12. a3 Bxc3 13. bxc3 Na5 14. c5 Nd5 15. Bd2 Bxf3 16. Rxf3 Nc6 17. Bb5 a6 18. Ba4 0-0 19. Rh3 f5 20. Qh5 g6 21. Bxc6 bxc6 22. Qh4 Rf7 23. c4 Ne7 24. Rb1 f4 1/2-1/2

[Event "Mittelfranken-chTB1 1314"]
[Site "Mittelfranken"]
[Date "2014.02.16"]
[Round "6.8"]
[White "Classen, Jakob"]
[Black "Corral, Carlos"]
[Result "0-1"]
[WhiteElo "1702"]
[BlackElo "1922"]
[PlyCount "58"]
[EventDate "2013.10.20"]
[EventType "team-tourn"]
[EventRounds "9"]
[EventCountry "GER"]
[SourceTitle "EXT 2020"]
[Source "ChessBase"]
[SourceDate "2019.10.17"]
[SourceVersion "1"]
[SourceVersionDate "2019.10.17"]
[SourceQuality "1"]
[WhiteTeam "Buechenbach/Roth II"]
[BlackTeam "Nuernberg NT III"]
[WhiteTeamCountry "GER"]
[BlackTeamCountry "GER"]

1. d4 c5 2. c3 d5 3. e3 Nc6 4. Bd3 e5 5. dxe5 Nxe5 6. Bb5+ Nc6 7. c4 Nf6 8. Nc3 Be6 9. b3 Rc8 10. Nge2 a6 11. Bxc6+ bxc6 12. cxd5 cxd5 13. 0-0 Bd6 14. Bb2 0-0 15. Rc1 Qe7 16. h3 Rfd8 17. Kh1 Qd7 18. Ng1 Bb8 19. Na4 Ne4 20. Qh5 f6 21. Nc3 Qd6 22. g3 Qxg3 23. f4 Nf2+ 24. Rxf2 Qxf2 25. Nce2 Qxe3 26. Rc3 Qe4+ 27. Rf3 d4 28. Ng3 Qb1 29. f5 Bd5 0-1

[Event "Mittelfranken-chTB1 1314"]
[Site "Mittelfranken"]
[Date "2014.01.26"]
[Round "5.8"]
[White "Arlt, Birgit"]
[Black "Classen, Jakob"]
[Result "1/2-1/2"]
[WhiteElo "1589"]
[BlackElo "1702"]
[PlyCount "44"]
[EventDate "2013.10.20"]
[EventType "team-tourn"]
[EventRounds "9"]
[EventCountry "GER"]
[SourceTitle "EXT 2020"]
[Source "ChessBase"]
[SourceDate "2019.10.17"]
[SourceVersion "1"]
[SourceVersionDate "2019.10.17"]
[SourceQuality "1"]
[WhiteTeam "Schwanstetten"]
[BlackTeam "Buechenbach/Roth II"]
[WhiteTeamCountry "GER"]
[BlackTeamCountry "GER"]

1. e4 Nf6 2. Nc3 d5 3. exd5 Nxd5 4. Nxd5 Qxd5 5. Nf3 Bg4 6. Be2 Nc6 7. d4 e6 8. 0-0 Be7 9. c3 f6 10. Be3 a6 11. Nd2 Bf5 12. Bc4 Qd7 13. b4 0-0 14. f4 Kh8 15. Bb3 Rae8 16. Nf3 Bd6 17. Qd2 e5 18. fxe5 fxe5 19. dxe5 Nxe5 20. Bd4 Nxf3+ 21. Rxf3 c5 22. Be3 Qc7 1/2-1/2

[Event "Mittelfranken-chTB1 1314"]
[Site "Mittelfranken"]
[Date "2013.12.01"]
[Round "3.8"]
[White "Goetz, Dieter"]
[Black "Classen, Jakob"]
[Result "1-0"]
[WhiteElo "1828"]
[BlackElo "1702"]
[PlyCount "91"]
[EventDate "2013.10.20"]
[EventType "team-tourn"]
[EventRounds "9"]
[EventCountry "GER"]
[SourceTitle "EXT 2020"]
[Source "ChessBase"]
[SourceDate "2019.10.17"]
[SourceVersion "1"]
[SourceVersionDate "2019.10.17"]
[SourceQuality "1"]
[WhiteTeam "Nuernberg SK 1911"]
[BlackTeam "Buechenbach/Roth II"]
[WhiteTeamCountry "GER"]
[BlackTeamCountry "GER"]

1. c4 c6 2. Nc3 e6 3. d4 d5 4. e3 Bd6 5. Nf3 Nd7 6. Be2 Ngf6 7. 0-0 0-0 8. b3 Qe7 9. Bb2 e5 10. dxe5 Nxe5 11. cxd5 Nxf3+ 12. Bxf3 Rd8 13. e4 Qe5 14. g3 cxd5 15. exd5 Bh3 16. Re1 Qg5 17. Ne4 Nxe4 18. Rxe4 Bf5 19. Rh4 Rac8 20. Bg4 Rc2 21. Bc1 Qf6 22. Bxf5 Qxf5 23. Be3 b6 24. Rc4 Rxc4 25. bxc4 h5 26. h4 Qe4 27. Qb3 f5 28. Rd1 Rc8 29. Rd4 Qe5 30. Qd1 g6 31. Bf4 Qf6 32. Bxd6 Qxd6 33. Qe2 Kf7 34. Rd1 Re8 35. Qd3 Re4 36. Kg2 Re5 37. Rd2 Ke7 38. Re2 Kd7 39. Re3 Kc7 40. Qd4 Re7 41. Qf4 Qxf4 42. Rxe7+ Kd8 43. gxf4 Kxe7 44. Kf3 Kd6 45. a4 a6 46. Ke3 1-0

[Event "Mittelfranken-chTB2b 1011"]
[Site "Germany"]
[Date "2010.12.05"]
[Round "4.8"]
[White "Bildt, Maximilian"]
[Black "Classen, Jakob"]
[Result "1-0"]
[WhiteElo "1887"]
[BlackElo "1590"]
[PlyCount "101"]
[EventDate "2010.09.26"]
[EventType "team-tourn"]
[EventRounds "9"]
[EventCountry "GER"]
[SourceTitle "EXT 2012"]
[Source "ChessBase"]
[SourceDate "2011.11.24"]
[SourceVersion "1"]
[SourceVersionDate "2011.11.24"]
[SourceQuality "1"]
[WhiteTeam "Muehlhof/Schwabach"]
[BlackTeam "Buechenbach/Roth II"]
[WhiteTeamCountry "GER"]
[BlackTeamCountry "GER"]

1. e4 Nf6 2. Nc3 d5 3. e5 Nfd7 4. d4 e6 5. f4 c5 6. Nf3 Nc6 7. Be3 cxd4 8. Nxd4 Nxd4 9. Bxd4 Qc7 10. Bd3 a6 11. Qg4 g6 12. Nxd5 exd5 13. e6 f6 14. Bxg6+ hxg6 15. Qxg6+ Kd8 16. exd7 Kxd7 17. Qxf6 Bb4+ 18. c3 Re8+ 19. Kf2 Be7 20. Qf5+ Kd8 21. Qxd5+ Bd7 22. Be3 Kc8 23. Rhe1 Bc6 24. Qf5+ Kb8 25. Rad1 Be4 26. Qd7 Bc6 27. Qxc7+ Kxc7 28. f5 Bd6 29. Bb6+ Kxb6 30. Rxd6 Rxe1 31. Kxe1 Kc5 32. Rd2 Re8+ 33. Kf1 Re5 34. g3 Re3 35. g4 Rf3+ 36. Rf2 Kd6 37. Ke2 Rh3 38. f6 Rh8 39. g5 Re8+ 40. Kd3 Be4+ 41. Kd4 Bg6 42. c4 Re4+ 43. Kc3 Bf7 44. g6 Rxc4+ 45. Kd3 Rc7 46. gxf7 Rxf7 47. Kd4 b6 48. h4 Ke6 49. h5 Rd7+ 50. Ke4 Kf7 51. h6 1-0

[Event "Mittelfranken-chTB2b 0910"]
[Site "Mittelfranken"]
[Date "2009.10.25"]
[Round "2.8"]
[White "Heinz, Manfred"]
[Black "Classen, Jakob"]
[Result "1-0"]
[WhiteElo "1761"]
[BlackElo "1587"]
[PlyCount "59"]
[EventDate "2009.10.11"]
[EventType "team-tourn"]
[EventRounds "9"]
[EventCountry "GER"]
[SourceTitle "EXT 2011"]
[Source "ChessBase"]
[SourceDate "2010.11.26"]
[SourceVersion "1"]
[SourceVersionDate "2010.11.26"]
[SourceQuality "1"]
[WhiteTeam "Heilsbronn"]
[BlackTeam "Buechenbach/Roth II"]
[WhiteTeamCountry "GER"]
[BlackTeamCountry "GER"]

1. Nf3 d5 2. d4 Nf6 3. c4 Bg4 4. cxd5 Nxd5 5. e4 Nb6 6. Nc3 e6 7. Be3 Nc6 8. Be2 Be7 9. 0-0 0-0 10. Qd2 a6 11. Rad1 Na5 12. Ne5 Bxe2 13. Qxe2 f6 14. Nf3 Nac4 15. Bc1 Qd6 16. h4 Rae8 17. h5 c5 18. d5 Ne5 19. Nxe5 Qxe5 20. f4 Qc7 21. dxe6 Bd6 22. f5 Bh2+ 23. Kh1 Rd8 24. Nd5 Nxd5 25. exd5 Be5 26. Be3 Rde8 27. Rc1 b6 28. b4 Bd6 29. Rc2 g6 30. Bh6 1-0

[Event "Mittelfranken-chTB2b 0809"]
[Site "Mittelfranken"]
[Date "2008.12.07"]
[Round "3.8"]
[White "Cipra, Uwe"]
[Black "Classen, Jakob"]
[Result "1-0"]
[WhiteElo "1682"]
[BlackElo "1618"]
[PlyCount "67"]
[EventDate "2008.10.12"]
[EventType "team"]
[EventRounds "9"]
[EventCountry "GER"]
[SourceTitle "EXT 2011"]
[Source "ChessBase"]
[SourceDate "2010.11.26"]
[SourceVersion "1"]
[SourceVersionDate "2010.11.26"]
[SourceQuality "1"]
[WhiteTeam "Schwanstetten"]
[BlackTeam "Buechenbach/Roth II"]
[WhiteTeamCountry "GER"]
[BlackTeamCountry "GER"]

1. Nf3 d5 2. c4 Nf6 3. d4 c6 4. e3 Bf5 5. Nc3 e6 6. c5 Nbd7 7. Bd3 Ne4 8. 0-0 Nxc3 9. bxc3 Bxd3 10. Qxd3 Be7 11. e4 dxe4 12. Qxe4 Nf6 13. Qd3 Bxc5 14. Qb1 Bb6 15. a4 0-0 16. Bg5 Rb8 17. Ne5 Bc7 18. g3 h6 19. Bxf6 gxf6 20. Nf3 Qd5 21. Qd3 Rbd8 22. c4 Qh5 23. Nd2 Be5 24. Rad1 Bxd4 25. Ne4 f5 26. Qxd4 Rxd4 27. Nf6+ Kh8 28. Nxh5 Rxc4 29. Rd7 Rb4 30. Rc7 a6 31. a5 Rb5 32. Ra1 Kh7 33. Nf4 Kg7 34. Nxe6+ 1-0

[Event "Mittelfrankenliga-B2b 0708"]
[Site "Mittelfranken"]
[Date "2008.01.27"]
[Round "5.8"]
[White "Classen, Jakob"]
[Black "Kekeritz, Uwe"]
[Result "0-1"]
[WhiteElo "1618"]
[BlackElo "1499"]
[PlyCount "72"]
[EventDate "2007.10.14"]
[EventType "team-tourn"]
[EventRounds "9"]
[EventCountry "GER"]
[SourceTitle "EXT 2011"]
[Source "ChessBase"]
[SourceDate "2010.11.26"]
[SourceVersion "1"]
[SourceVersionDate "2010.11.26"]
[SourceQuality "1"]
[WhiteTeam "Buechenbach/Roth II"]
[BlackTeam "Bad Windsheim"]
[WhiteTeamCountry "GER"]
[BlackTeamCountry "GER"]

1. d4 d6 2. Nf3 Bg4 3. e3 Nf6 4. Bd3 c5 5. c3 g6 6. Nbd2 Bg7 7. 0-0 0-0 8. h3 Bd7 9. Qe2 cxd4 10. exd4 Bc6 11. Re1 e6 12. Ne4 Nxe4 13. Bxe4 Bxe4 14. Qxe4 d5 15. Qg4 Nd7 16. Bg5 Bf6 17. h4 Bxg5 18. hxg5 Kg7 19. g3 h5 20. Qf4 Rc8 21. Kg2 Qc7 22. Qe3 Rce8 23. Re2 Qd6 24. Rae1 Qc7 25. Ne5 Nxe5 26. dxe5 b6 27. Qf4 Qe7 28. Rh1 Rh8 29. Rh3 Rc8 30. Qd2 Rc4 31. Re1 Qd7 32. b3 Rc7 33. Rh4 Qc6 34. Re3 d4+ 35. Ree4 dxc3 36. Qc2 Rd8 0-1

[Event "Mittelfrankenliga-B2b 0708"]
[Site "Mittelfranken"]
[Date "2007.11.11"]
[Round "2.8"]
[White "Classen, Jakob"]
[Black "Koller, Manfred"]
[Result "1-0"]
[WhiteElo "1618"]
[BlackElo "1612"]
[PlyCount "51"]
[EventDate "2007.10.14"]
[EventType "team-tourn"]
[EventRounds "9"]
[EventCountry "GER"]
[SourceTitle "EXT 2011"]
[Source "ChessBase"]
[SourceDate "2010.11.26"]
[SourceVersion "1"]
[SourceVersionDate "2010.11.26"]
[SourceQuality "1"]
[WhiteTeam "Buechenbach/Roth II"]
[BlackTeam "Cadolzburg"]
[WhiteTeamCountry "GER"]
[BlackTeamCountry "GER"]

1. d4 Nf6 2. e3 e6 3. Nf3 d5 4. Bd3 Be7 5. Nbd2 0-0 6. Qe2 b6 7. 0-0 c5 8. c3 c4 9. Bc2 Nbd7 10. e4 dxe4 11. Nxe4 Bb7 12. Nxf6+ Nxf6 13. Ne5 Qd5 14. f3 b5 15. Bg5 Qd8 16. Rad1 Qc7 17. Bxf6 Bxf6 18. f4 Qd6 19. Qh5 g6 20. Qg4 Bg7 21. h4 Qe7 22. h5 Bxe5 23. fxe5 f5 24. exf6 Rxf6 25. Rxf6 Qxf6 26. Rf1 1-0